Women, law and judicial system (Record no. 311938)

MARC details
000 -LEADER
fixed length control field 00478 a2200193 4500
005 - DATE & TIME
control field 20240719164955.0
008 - FIXED-LENGTH DATA ELEMENTS--GENERAL INFORMATION
fixed length control field 240719b |||||||| |||| 00| 0 eng d
020 ## - ISBN
International Standard Book Number 9789381991879
Price Rs. 850.00
040 ## - CATALOGING SOURCE
Original cataloging agency VIVEKANANDA LIBRARY
082 ## - DDC NUMBER
Classification number 346.0134
Book Number G959W
100 ## - MAIN ENTRY--PERSONAL NAME
Personal name Gupta, Madhu
245 ## - TITLE STATEMENT
Title Women, law and judicial system
260 ## - PUBLICATION, DISTRIBUTION, ETC. (IMPRINT)
Name of publisher, distributor, etc Swastik Publications
Date of publication, distribution, etc 2014
Place of publication, distribution, etc Delhi
300 ## - PHYSICAL DESCRIPTION
Pages 240
650 ## - Subject
Subject Law
650 ## - Subject
Subject Women- Law
650 ## - Subject
Subject Judicial System
942 ## - ADDED ENTRY ELEMENTS (KOHA)
Koha item type Books
Holdings
Withdrawn status Lost status Source of classification or shelving scheme Damaged status Not for loan Location (home branch) Sublocation or collection (holding branch) Shelving location Date acquired Koha issues (times borrowed) Koha full call number Accession No. Koha date last seen Koha item type
    Dewey Decimal Classification     VIVEKANANDA LIBRARY VIVEKANANDA LIBRARY Law Library 05/03/2024   346.0134 G959W 377444 05/03/2024 Books
© Designed and Maintained by Vivekananda Library, MDU Rohtak